ACADEMIC MULTIPLE3 CHOICE QUESTIONS IN SCIENCE (Record no. 814)
[ view plain ]
| 000 -LEADER | |
|---|---|
| fixed length control field | 00359nam a22001337a 4500 |
| 020 ## - INTERNATIONAL STANDARD BOOK NUMBER | |
| ISBN | 978-81-908560-7-2 |
| 082 ## - DEWEY DECIMAL CLASSIFICATION NUMBER | |
| Classification number | 500 |
| Item number | SHA/M |
| 100 ## - MAIN ENTRY--AUTHOR NAME | |
| Personal name | Dr.NK SHARMA, VN TIWARI |
| 245 ## - TITLE STATEMENT | |
| Title | ACADEMIC MULTIPLE3 CHOICE QUESTIONS IN SCIENCE |
| Remainder of title | CLAQSSES IX-X |
| 260 ## - PUBLICATION, DISTRIBUTION, ETC. (IMPRINT) | |
| Place of publication | DELHI |
| Name of publisher | AMANDA IMPRINT |
| 300 ## - PHYSICAL DESCRIPTION | |
| Number of Pages | 130 |
| 650 ## - SUBJECT ADDED ENTRY--TOPICAL TERM | |
| Topical Term | SCIENCE MCQ FOR CLASSES IX-X |
| Geographic subdivision | INDIA |
| 942 ## - ADDED ENTRY ELEMENTS (KOHA) | |
| Koha item type | Books |
| Withdrawn status | Lost status | Collection code | Home library | Current library | Shelving location | Date acquired | Source of acquisition | Cost, normal purchase price | Full call number | Accession Number | Koha item type |
|---|---|---|---|---|---|---|---|---|---|---|---|
| Reference | Main Library | Main Library | SHELF-8 D CLASS X-SCIENCE | 27/04/2011 | purchase | 150.00 | 500 SHA/M | 05764 | Books |